00850nac a22002291u 4500010001600000020001500016082001900031090001500050100003400065245007700099260005200176300002400228500003900252500002600291504006400317511002600381650003800407650003200445942002100477999001500498952010700513 a 91000158 a030005058500a332.10973bPIE c7496d7496 aPierce, James L. 14aThe future of banking /cJames L. Pierce ; foreword by Richard C. Leone. aNew Haven :bYale University Press,1991cc1991. ax, 163 p. ;c24 cm. a"A Twentieth Century Fund report." adistributer: Al-Ahram aIncludes bibliographical references (p. 153-157) and index. acatalogued by: wessam 0aBanks and bankingzUnited States. 0aBanking lawzUnited States. cBBk332.10973PIE c7496d7496 00104070aMAINbMAINc1STd2008-01-27ePurchasel0o332.10973PIEp000008936r2025-07-15 00:00:00yBB